00934nam a2200253Ia 4500003000400000005001700004008004100021020001500062040001800077041000800095082002100103100002400124245003400148250000800182260005500190300002500245650004400270650005500314650005900369700002800428942003000456999001900486952017500505OSt20251203131735.0210716s2006 xx 000 0 und d a8183710204 cAIMIT LIBRARY aeng a006.32 21bSWAG aSwamy, G N.9247412 aProjects on neural networks / a1st aNew Delhi :bScitech Publications Pvt Ltd ,c2006. a318p. ;bPBc24.7 cm aECG classification using KOHNET9247413 aEstimation of box office revenue in matlab9247414 aPredicting gene sequences using E-Coli in java9247415 aKumar, G Vijay.9247416 2ddccBKe1stk006.32 SWAG c187762d187762 00102ddc40708MCAaAIMITbAIMITeHigginbothams Pvt Ltdg190.00iBill no:7173; Bill dt:2006-12-09l0o006.32 SWAGpMCA07270r2026-05-23 00:00:00v152.00w2021-07-16yBK